Basic and applied insect science
Guardat en:
| Autor principal: | |
|---|---|
| Format: | Llibre |
| Idioma: | anglès |
| Publicat: |
: Esut Press
2016.
|
| Etiquetes: |
Afegir etiqueta
Sense etiquetes, Sigues el primer a etiquetar aquest registre!
|
MARC
| LEADER | 00000nam a22000007a 4500 | ||
|---|---|---|---|
| 008 | 201210b ||||| |||| 00| 0 eng d | ||
| 020 | |a ISBN: 978-978-953-706-8 | ||
| 100 | |a .UMEH, Ethel-Doris N. | ||
| 245 | |a Basic and applied insect science |c Ethel-Doris N. Umeh. |g . xv; 275p.; ill | ||
| 260 | |b : Esut Press |c 2016. |d BOOKS |h Enugu |i 690706 |l QL483 .Um2 |m Insects. | ||
| 942 | |a lcc |c BK |e Olagoke,M A |f 10/12/2020 | ||
| 952 | |0 0 |1 0 |2 lcc |4 0 |6 QL0483 U M2 |7 0 |9 323 |a HOL |b HOL |c QZ |d 2020-12-10 |l 0 |o QL483 .Um2 |p 2020-2058 |r 2020-12-10 00:00:00 |w 2020-12-10 |y BK | ||
| 999 | |c 149 |d 149 | ||